Estados financieros, 1° de agosto 1971 al 31 de julio de 1972

Gorde:
Xehetasun bibliografikoak
Erakunde egilea: Consejo Nacional de Producción
Formatua: Texto
Argitaratua: San José :
Etiketak: Etiketa erantsi
Etiketarik gabe, Izan zaitez lehena erregistro honi etiketa jartzen!

MARC

LEADER 00000 a a2200000 04500
001 15962
003
040
090 |a 019700  
110 |a Consejo Nacional de Producción  
245 |a Estados financieros, 1° de agosto 1971 al 31 de julio de 1972  
260 |a San José :  
300 |a 6 p  
999 |c 15897  |d 15897